| 000 | 00913nam a2200169Ia 4500 | ||
|---|---|---|---|
| 008 | 220216s9999 xx 000 0 und d | ||
| 100 | _aMansor H | ||
| 245 | 0 | _aSteam explosion treatment of two Malaysian hardwoods | |
| 260 |
_bJournal of Tropical Forest Science _c1990 |
||
| 300 | _a235-242 | ||
| 520 | _aSteam explosion under various stem pressures and reaction times was found to enhance the enzymatic susceptibility of Acacia mangium and Hevea brasiliensis(rubberwood) in spite of the presence of lignin. The pretreatment also caused the degradation of hemicellulose and rendered it water-soluble. Depending on the starting material, 9 to 17;water solubles containing mainly hemicellulose with xylose contents up to 97;after acid hydrolysis could be recovered from the exploded material. | ||
| 650 | _aRubberwood | ||
| 650 | _aSteam explosion | ||
| 700 | _aIshihara M | ||
| 700 | _aSudo K | ||
| 942 | _cBO | ||
| 999 |
_c48082 _d48082 |
||